The Major Sins (al-Kabair) (Record no. 16862)

MARC details
000 -LEADER
fixed length control field 00576nam a2200229 a 4500
020 ## - INTERNATIONAL STANDARD BOOK NUMBER
ISBN
082 00 - DEWEY DECIMAL CLASSIFICATION NUMBER
Classification number 340.59
Author Cutter DHA
100 ## - MAIN ENTRY--AUTHOR NAME
Author name Dhahabi, Muhammad Bin Uthman
245 ## - TITLE STATEMENT
Title The Major Sins (al-Kabair)
260 ## - PUBLICATION, DISTRIBUTION, ETC. (IMPRINT)
Place of publication Delhi
Name of publisher Millat Book Centre
Year of publication 2000
300 ## - PHYSICAL DESCRIPTION
Number of Pages 277p
500 ## - GENERAL NOTE
General note includes index and biblioraphy
650 ## - SUBJECT ADDED ENTRY--TOPICAL TERM
Topical Term Islamic-Law
942 ## - ADDED ENTRY ELEMENTS (KOHA)
Koha item type Books
700 1# -
-- Dhahabi, Muhammad Bin Uthman
Holdings
Collection code Home library Current library Date acquired Cost, normal purchase price Full call number Accession Number Koha item type
  Henry Martyn Institute Library Henry Martyn Institute Library 04/14/2008 300.00 340.59 DHA 022357 Books
                   Copyright © 2026 | Henry Martyn Institute | Hyderabad | TS-500052 | INDIA | Implemented by hmi.edu.in
Hit-Count:

Powered by Koha